| 000 | 00554cam a2200181 a 4500 | ||
|---|---|---|---|
| 020 | _a0072229993 (pbk.) | ||
| 040 | _cUKM | ||
| 082 | 0 | 0 | _a004 HOF 2005 C260 Or. |
| 100 | 1 | _aHofstetter, Fred T. | |
| 245 | 1 | 0 | _aInternet technologies at work / |
| 260 |
_aBoston : _bMcGraw-Hill Technology Education, _cc2005. |
||
| 300 |
_axviii, 622 p. : _bill. (chiefly col.) ; _c28 cm. |
||
| 650 | 0 | _aInternet | |
| 650 | 0 | _aWorld Wide Web | |
| 650 | 0 | _aComputer networks | |
| 856 | 4 | 1 | _uhttp://www.loc.gov/catdir/enhancements/fy0627/2005297548-t.html |
| 942 | _cAEDBB | ||
| 999 |
_c22292 _d22292 |
||